Cuenta y canta : (Record no. 23552)

000 -CABECERA
fixed length control field 00561nam a22001817i 4500
003 - IDENTIFICADOR DEL NÚMERO DE CONTROL
control field AR-CdUCM
008 - DATOS DE LONGITUD FIJA--INFORMACIÓN GENERAL
fixed length control field 260330b20232023pe ||||| |||| 00| 0 spa d
020 ## - NÚMERO INTERNACIONAL ESTÁNDAR DEL LIBRO
ISBN 978-612-49162-8-1
040 ## - FUENTE DE LA CATALOGACIÓN
Agencia/entidad que catalogó originalmente la obra MUNICIPALIDAD PROVINCIAL DEL CUSCO
Entidad que transcribió la catalogación BIBLIOTECA MUNICIPAL DEL CUSCO
082 ## - NÚMERO DE LA CLASIFICACIÓN DECIMAL DEWEY
No. de Clasificación PI / 372.7
Notacion interna S21
100 ## - ENTRADA PRINCIPAL--NOMBRE DE PERSONA
Nombre Personal Santa Maria, Carlos
245 ## - MENCIÓN DE TÍTULO
Título Cuenta y canta :
Resto del título Números y rimas para niños /
260 ## - PUBLICACIÓN, DISTRIBUCIÓN, ETC.
Lugar de publicación, distribución, etc. Perú :
Nombre de la editorial, distribuidor, etc. Nectandra Ediciones
Fecha de publicación, distribución, etc. 2023
300 ## - DESCRIPCIÓN FÍSICA
Nº de Páginas Extensión 47 páginas. :
Dimensiones 20x19,5 cm.
942 ## - ELEMENTOS DE PUNTO DE ACCESO ADICIONAL (KOHA)
Fuente de clasificación
Tipo de item Libros-BMC
945 ## - PROCESAMIENTO DE INFORMACIÓN LOCAL (OCLC)
Catalogador esh
AAAA-MM-DD - Fecha de ingreso o modificacion 30-03-2026
Holdings
Estado de retiro (separado) Fuente de clasificación o esquema de estanterías Estado dañado Ubicación Sala donde se ubica Nombre de la colección Fecha de adquisición o compra Fuente de adquisición Costo, precio normal en soles Signatura topográfica Código de Barras Última vez visto (Koha) Tipo de ítem (Koha)
No     Sala de Infantes Sala de Infantes Book Cart 2026-03-30 Donación 10.00 PI / 372.7 / S21 SI00005213 2026-03-30 Libros-BMC

Powered by Koha